000 00345nam a2200145Ia 4500
003 OSt
005 20240210105012.0
008 170523s9999 xx 000 0 und d
020 _a978-0071141390
040 _ciimt university meerut
100 _aDOMINICK- JOSEPH
245 0 _aMASS COMMUNICATION
260 _bRADHA PUBLICATION
942 _2ddc
_c02
999 _c460
_d460